Представление документа в формате RUSMARC

ПолеНазваниеЗначение
  Тип записи a
  Библиографический уровень c
001 Контрольный номер RU/SLIB/B/208777727
005 Дата корректировки 20241031123145.8
010 Индекс ISBN __
d Цена 1-80
101 Язык документа 0_
a Язык текста rus
200 Заглавие и сведения об ответственности 1_
a Заглавие Бедные люди ; Белые ночи ; Неточка Незванова
f Первые сведения об ответственности Ф. М. Достоевский
b Общее обозначение материала Текст
210 Выходные данные 1_
a Место издания М.
c Издательство Правда
d Дата издания 1981
215 Физическое описание __
a Объем 383 с.
327 Примечание о содержании 0_
a Примечание о содержании Белые ночи
333 Примечание о целевом назначении __
a Примечание о целевом назначении 16+. Для детей старше 16 лет
606 Тематические рубрики __
a Основная рубрика Художественная литература
z Хронологическая подрубрика 19 в.
y Географическая подрубрика Россия
606 Тематические рубрики __
a Основная рубрика Русская литература XIX в. (произведения)
610 Ключевые слова 0_
a Ключевые слова писатели; проза; прозаики; классики; романы; повести; рассказы
686 Индексы других классификаций __
a Классификационный индекс 84(2=411.2)52-4
700 Автор _1
a Фамилия Достоевский
b Имя Ф. М.
g Полное личное имя Федор Михайлович
4 Код отношения 070
801 Источник записи _0
a Страна RU
b Организация Муниципальное бюджетное учреждение культуры "Централизованная библиотечная система" г. Сургут (Центральная городская библиотека им. А. С. Пушкина)
g Правила каталогизации КиК/Лебедева
801 Источник записи _1
a Страна RU
b Организация Муниципальное бюджетное учреждение культуры "Централизованная библиотечная система" г. Сургут (Центральная городская библиотека им. А. С. Пушкина)
g Правила каталогизации КиК/Лебедева
852 Данные о местонахождении __
j Шифр хранения 84(2=411.2)52-4
i Авторский знак Д 70
p Инвентарный номер 8302
901 Тип документа __
t Тип документа x
969 Тип издания __
a Тип издания сборник
990 Данные о заказе (DOS) __
j Количество экземпляров (DOS) 2
t N записи в КСУ для И/У (DOS) 199101